[Event "XIII International Chess Festival"]
[Site "Paracin"]
[Date "2020.07.07"]
[Round "5.1"]
[White "Basso, Pier Luigi"]
[Black "Cabarkapa, Novak"]
[Result "1-0"]
[BlackElo "2459"]
[WhiteElo "2596"]
[LiveChessVersion "1.4.8"]

1. d4 {[%clk 1:30:30]} Nf6 {[%clk 1:30:30]} 2. c4 {[%clk 1:30:30]} g6
{[%clk 1:30:30]} 3. Nc3 {[%clk 1:30:30]} Bg7 {[%clk 1:30:30]} 4. e4
{[%clk 1:30:30]} d6 {[%clk 1:30:30]} 5. f3 {[%clk 1:30:30]} O-O {[%clk 1:32:48]}
6. Nge2 {[%clk 1:33:13]} c5 {[%clk 1:32:50]} 7. d5 {[%clk 1:32:09]} e6
{[%clk 1:33:06]} 8. Ng3 {[%clk 1:32:31]} exd5 {[%clk 1:33:20]} 9. cxd5
{[%clk 1:32:55]} h5 {[%clk 1:33:33]} 10. Be2 {[%clk 1:33:11]} Nh7
{[%clk 1:31:39]} 11. Be3 {[%clk 1:33:24]} h4 {[%clk 1:31:56]} 12. Nf1
{[%clk 1:33:47]} f5 {[%clk 1:32:02]} 13. exf5 {[%clk 1:31:56]} gxf5
{[%clk 1:32:00]} 14. Qd2 {[%clk 1:31:06]} Qf6 {[%clk 1:31:46]} 15. Bf4
{[%clk 1:28:19]} Nd7 {[%clk 1:31:08]} 16. Ne3 {[%clk 1:26:45]} Ne5
{[%clk 1:31:11]} 17. Bxe5 {[%clk 1:11:03]} Qxe5 {[%clk 1:31:01]} 18. Nc4
{[%clk 1:10:18]} Qf6 {[%clk 1:26:47]} 19. a4 {[%clk 1:03:01]} Bd7
{[%clk 1:20:39]} 20. Qf4 {[%clk 0:53:10]} Rfe8 {[%clk 0:53:39]} 21. Qxd6
{[%clk 0:47:36]} Qd4 {[%clk 0:53:39]} 22. Kf1 {[%clk 0:45:15]} Rxe2
{[%clk 0:45:57]} 23. Nxe2 {[%clk 0:45:23]} Qxc4 {[%clk 0:46:17]} 24. Qxd7
{[%clk 0:45:08]} Nf6 {[%clk 0:46:27]} 25. Qe6+ {[%clk 0:35:28]} Kh8
{[%clk 0:41:58]} 26. Rc1 {[%clk 0:35:38]} Qxa4 {[%clk 0:38:35]} 27. Qxf5
{[%clk 0:30:17]} Re8 {[%clk 0:30:49]} 28. Qd3 {[%clk 0:20:41]} h3
{[%clk 0:23:19]} 29. gxh3 {[%clk 0:18:40]} Qh4 {[%clk 0:22:01]} 30. Rg1
{[%clk 0:17:02]} Qxh3+ {[%clk 0:21:16]} 31. Rg2 {[%clk 0:16:38]} Ng4
{[%clk 0:19:42]} 32. Nf4 {[%clk 0:14:34]} Ne5 {[%clk 0:12:16]} 33. Qe4
{[%clk 0:09:16]} Qh6 {[%clk 0:09:11]} 34. Rg3 {[%clk 0:08:00]} 1-0

[Event "XIII International Chess Festival"]
[Site "Paracin"]
[Date "2020.07.07"]
[Round "5.2"]
[White "Mendonca, Leon Luke"]
[Black "Ernst, Sipke"]
[Result "1/2-1/2"]
[BlackElo "2540"]
[WhiteElo "2470"]
[LiveChessVersion "1.4.8"]

1. Nf3 {[%clk 1:30:53]} c5 {[%clk 1:30:02]} 2. b3 {[%clk 1:30:22]} d5
{[%clk 1:30:23]} 3. e3 {[%clk 1:30:12]} Nf6 {[%clk 1:30:30]} 4. Bb2
{[%clk 1:29:55]} e6 {[%clk 1:28:26]} 5. c4 {[%clk 1:28:24]} Be7 {[%clk 1:28:26]}
6. cxd5 {[%clk 1:25:51]} exd5 {[%clk 1:28:50]} 7. d4 {[%clk 1:25:52]} Nc6
{[%clk 1:27:59]} 8. dxc5 {[%clk 1:24:37]} Bxc5 {[%clk 1:27:57]} 9. Be2
{[%clk 1:23:29]} O-O {[%clk 1:28:21]} 10. O-O {[%clk 1:23:27]} Re8
{[%clk 1:19:20]} 11. Nc3 {[%clk 1:22:30]} a6 {[%clk 1:17:40]} 12. Rc1
{[%clk 1:15:55]} Ba7 {[%clk 1:16:55]} 13. Na4 {[%clk 1:11:47]} Ne4
{[%clk 1:07:26]} 14. Nd4 {[%clk 0:57:55]} Bd7 {[%clk 0:56:27]} 15. Nxc6
{[%clk 0:55:19]} Bxc6 {[%clk 0:56:52]} 16. Bd4 {[%clk 0:54:34]} Bxa4
{[%clk 0:55:56]} 17. bxa4 {[%clk 0:52:30]} Bxd4 {[%clk 0:56:16]} 18. Qxd4
{[%clk 0:52:54]} Qa5 {[%clk 0:56:13]} 19. Bf3 {[%clk 0:47:13]} Rad8
{[%clk 0:54:09]} 20. Rfd1 {[%clk 0:42:22]} h6 {[%clk 0:54:27]} 21. h4
{[%clk 0:40:19]} Kh7 {[%clk 0:42:32]} 22. g3 {[%clk 0:34:19]} Kg8
{[%clk 0:37:21]} 23. Kg2 {[%clk 0:33:58]} Re7 {[%clk 0:32:56]} 24. Rc2
{[%clk 0:31:08]} Kh7 {[%clk 0:32:43]} 25. a3 {[%clk 0:28:29]} Kg8
{[%clk 0:25:45]} 26. Rd3 {[%clk 0:25:35]} Kf8 {[%clk 0:23:17]} 27. Rc1
{[%clk 0:23:46]} Kg8 {[%clk 0:20:08]} 28. Qb4 {[%clk 0:20:55]} Qxb4
{[%clk 0:20:28]} 29. axb4 {[%clk 0:21:24]} f5 {[%clk 0:19:53]} 30. h5
{[%clk 0:16:19]} Nf6 {[%clk 0:17:32]} 31. Rd4 {[%clk 0:15:40]} Kf7
{[%clk 0:17:02]} 32. a5 {[%clk 0:15:41]} Ke6 {[%clk 0:16:48]} 33. b5
{[%clk 0:14:25]} axb5 {[%clk 0:15:09]} 34. Rc5 {[%clk 0:14:33]} Rd6
{[%clk 0:10:01]} 35. Rxb5 {[%clk 0:12:52]} Red7 {[%clk 0:08:47]} 36. Rdb4
{[%clk 0:08:28]} Ra6 {[%clk 0:09:12]} 37. Kf1 {[%clk 0:08:05]} Ra7
{[%clk 0:08:26]} 38. Kg1 {[%clk 0:07:32]} Kf7 {[%clk 0:08:11]} 39. Kg2
{[%clk 0:07:02]} Ke7 {[%clk 0:08:23]} 40. Kg1 {[%clk 0:01:08]} Kf7
{[%clk 0:08:49]} 41. Rc5 {[%clk 0:01:34]} Ne4 {[%clk 0:04:46]} 42. Bxe4
{[%clk 0:00:56]} fxe4 {[%clk 0:05:13]} 43. Rb6 {[%clk 0:01:14]} Ke7
{[%clk 0:04:07]} 44. Rg6 {[%clk 0:01:00]} Kf7 {[%clk 0:03:34]} 45. Rb6
{[%clk 0:00:49]} Ke7 {[%clk 0:03:56]} 46. Rcb5 {[%clk 0:01:11]} Kf8
{[%clk 0:03:45]} 47. Kg2 {[%clk 0:00:58]} Kg8 {[%clk 0:03:55]} 48. Kf1
{[%clk 0:00:38]} Ra8 {[%clk 0:03:18]} 49. Kg2 {[%clk 0:00:39]} Kh7
{[%clk 0:03:00]} 50. g4 {[%clk 0:00:41]} Kh8 {[%clk 0:03:23]} 51. Kg3
{[%clk 0:00:36]} Kg8 {[%clk 0:03:41]} 52. Re6 {[%clk 0:00:35]} Rf8
{[%clk 0:04:00]} 53. Re5 {[%clk 0:00:35]} Rfd8 {[%clk 0:02:55]} 54. Rf5
{[%clk 0:00:46]} Kh7 {[%clk 0:02:59]} 55. Rb6 {[%clk 0:00:55]} Ra8
{[%clk 0:03:12]} 56. Rb5 {[%clk 0:01:24]} Rad8 {[%clk 0:03:35]} 57. Kg2
{[%clk 0:00:56]} Kg8 {[%clk 0:02:55]} 58. Kf1 {[%clk 0:00:54]} Kh7
{[%clk 0:03:05]} 59. Ke2 {[%clk 0:01:03]} Kg8 {[%clk 0:03:32]} 60. Re5
{[%clk 0:01:07]} Kh7 {[%clk 0:03:24]} 61. Kd2 {[%clk 0:00:34]} d4
{[%clk 0:03:21]} 62. Rxe4 {[%clk 0:00:36]} dxe3+ {[%clk 0:03:47]} 63. Kxe3
{[%clk 0:00:58]} Rd3+ {[%clk 0:01:55]} 64. Ke2 {[%clk 0:00:37]} Rd2+
{[%clk 0:02:00]} 65. Kf1 {[%clk 0:00:52]} R8d7 {[%clk 0:02:00]} 66. Rf4
{[%clk 0:00:59]} Ra2 {[%clk 0:01:44]} 67. Kg2 {[%clk 0:01:07]} Ra3
{[%clk 0:01:55]} 68. Rf8 {[%clk 0:00:41]} Rad3 {[%clk 0:01:10]} 69. Rc5
{[%clk 0:00:36]} g6 {[%clk 0:00:47]} 70. hxg6+ {[%clk 0:00:39]} Kxg6
{[%clk 0:01:13]} 71. Rff5 {[%clk 0:00:33]} Rb3 {[%clk 0:01:39]} 72. f3
{[%clk 0:00:35]} Kg7 {[%clk 0:00:54]} 73. Rb5 {[%clk 0:00:35]} Rd2+
{[%clk 0:00:49]} 74. Kg3 {[%clk 0:00:57]} Rdd3 {[%clk 0:01:15]} 75. Rbe5
{[%clk 0:00:43]} Rd6 {[%clk 0:01:30]} 76. Rb5 {[%clk 0:00:33]} Rdd3
{[%clk 0:01:57]} 77. Rbc5 {[%clk 0:00:37]} Rd7 {[%clk 0:02:08]} 78. Rb5
{[%clk 0:00:32]} 1/2-1/2

[Event "XIII International Chess Festival"]
[Site "Paracin"]
[Date "2020.07.07"]
[Round "5.3"]
[White "Stankovic, Milos"]
[Black "Ratkovic, Miloje"]
[Result "0-1"]
[BlackElo "2456"]
[WhiteElo "2454"]
[LiveChessVersion "1.4.8"]

1. e4 {[%clk 1:29:48]} c6 {[%clk 1:28:15]} 2. Nf3 {[%clk 1:29:48]} d5
{[%clk 1:28:39]} 3. exd5 {[%clk 1:29:51]} cxd5 {[%clk 1:29:01]} 4. Ne5
{[%clk 1:29:47]} Nc6 {[%clk 1:28:44]} 5. d4 {[%clk 1:29:41]} e6 {[%clk 1:29:06]}
6. Bb5 {[%clk 1:28:48]} Bd7 {[%clk 1:29:01]} 7. Nxd7 {[%clk 1:28:43]} Qxd7
{[%clk 1:29:24]} 8. c3 {[%clk 1:28:31]} Nf6 {[%clk 1:29:36]} 9. O-O
{[%clk 1:26:33]} Bd6 {[%clk 1:29:29]} 10. Nd2 {[%clk 1:26:33]} Qc7
{[%clk 1:20:05]} 11. Nf3 {[%clk 1:20:29]} O-O {[%clk 1:19:51]} 12. g3
{[%clk 1:19:57]} h6 {[%clk 1:02:50]} 13. Bd3 {[%clk 1:11:04]} Ne4
{[%clk 1:02:16]} 14. Bxe4 {[%clk 1:04:47]} dxe4 {[%clk 1:02:40]} 15. Nd2
{[%clk 1:04:50]} f5 {[%clk 0:58:31]} 16. Nc4 {[%clk 0:56:46]} b5 {[%clk 0:55:15]}
17. Nxd6 {[%clk 0:53:23]} Qxd6 {[%clk 0:55:22]} 18. f3 {[%clk 0:52:52]} e5
{[%clk 0:47:45]} 19. fxe4 {[%clk 0:39:30]} fxe4 {[%clk 0:46:21]} 20. Be3
{[%clk 0:39:05]} Rxf1+ {[%clk 0:24:12]} 21. Qxf1 {[%clk 0:38:21]} exd4
{[%clk 0:24:00]} 22. cxd4 {[%clk 0:38:13]} Qd5 {[%clk 0:21:08]} 23. Rc1
{[%clk 0:24:48]} Rf8 {[%clk 0:15:46]} 24. Qg2 {[%clk 0:22:05]} Rf3
{[%clk 0:14:24]} 25. Qd2 {[%clk 0:20:37]} Ne7 {[%clk 0:14:07]} 26. b3
{[%clk 0:19:43]} Qf5 {[%clk 0:10:08]} 27. d5 {[%clk 0:17:07]} Nxd5
{[%clk 0:10:12]} 28. Bxa7 {[%clk 0:16:34]} e3 {[%clk 0:10:02]} 29. Qe1
{[%clk 0:16:19]} Qe4 {[%clk 0:08:24]} 0-1

[Event "XIII International Chess Festival"]
[Site "Paracin"]
[Date "2020.07.07"]
[Round "5.4"]
[White "Ratkovic, Milovan"]
[Black "Sahin, Ozgun"]
[Result "1-0"]
[BlackElo "2220"]
[WhiteElo "2435"]
[LiveChessVersion "1.4.8"]

1. d4 {[%clk 1:27:40]} f5 {[%clk 1:30:43]} 2. Nc3 {[%clk 1:27:36]} d5
{[%clk 1:29:15]} 3. Bg5 {[%clk 1:27:06]} c6 {[%clk 1:28:50]} 4. e3
{[%clk 1:26:45]} Qb6 {[%clk 1:28:43]} 5. Rb1 {[%clk 1:22:10]} Nd7
{[%clk 1:27:17]} 6. Bd3 {[%clk 1:17:06]} g6 {[%clk 1:26:28]} 7. Nf3
{[%clk 1:12:15]} Ngf6 {[%clk 1:25:21]} 8. O-O {[%clk 1:12:00]} Bg7
{[%clk 1:24:40]} 9. Ne2 {[%clk 1:10:12]} Ne4 {[%clk 1:16:27]} 10. c4
{[%clk 1:05:05]} Ndf6 {[%clk 1:11:07]} 11. b4 {[%clk 0:53:26]} Nxg5
{[%clk 1:02:45]} 12. Nxg5 {[%clk 0:53:49]} Ne4 {[%clk 1:03:06]} 13. Bxe4
{[%clk 0:50:21]} fxe4 {[%clk 0:56:19]} 14. Nf4 {[%clk 0:48:40]} Bf6
{[%clk 0:50:23]} 15. Nge6 {[%clk 0:45:02]} Bxe6 {[%clk 0:45:48]} 16. Nxe6
{[%clk 0:44:58]} Rc8 {[%clk 0:43:16]} 17. Qg4 {[%clk 0:37:03]} Kf7
{[%clk 0:43:09]} 18. Nc5 {[%clk 0:33:51]} Rcd8 {[%clk 0:38:15]} 19. Qe6+
{[%clk 0:33:34]} Ke8 {[%clk 0:36:25]} 20. f3 {[%clk 0:30:13]} Rd6
{[%clk 0:35:14]} 21. Qg4 {[%clk 0:28:21]} exf3 {[%clk 0:33:42]} 22. Rxf3
{[%clk 0:28:26]} Qc7 {[%clk 0:32:03]} 23. cxd5 {[%clk 0:25:42]} cxd5
{[%clk 0:30:50]} 24. Rc1 {[%clk 0:18:45]} b6 {[%clk 0:29:44]} 25. Nd3
{[%clk 0:18:22]} Rc6 {[%clk 0:30:09]} 26. Rff1 {[%clk 0:17:51]} Rxc1
{[%clk 0:25:45]} 27. Rxc1 {[%clk 0:18:17]} Qd6 {[%clk 0:26:11]} 28. Qf3
{[%clk 0:18:15]} Kf7 {[%clk 0:24:18]} 29. Rc6 {[%clk 0:17:15]} Qd8
{[%clk 0:23:29]} 30. Nf4 {[%clk 0:16:56]} Qd7 {[%clk 0:22:44]} 31. Qxd5+
{[%clk 0:16:22]} Qxd5 {[%clk 0:23:09]} 32. Nxd5 {[%clk 0:16:45]} Bg5
{[%clk 0:23:23]} 33. Kf2 {[%clk 0:16:42]} Rd8 {[%clk 0:23:46]} 34. Nc3
{[%clk 0:16:34]} Rd7 {[%clk 0:23:08]} 35. b5 {[%clk 0:15:02]} e6 {[%clk 0:23:16]}
36. Ke2 {[%clk 0:15:02]} h6 {[%clk 0:20:57]} 37. Kd3 {[%clk 0:14:39]} Bf6
{[%clk 0:21:16]} 38. Ne4 {[%clk 0:13:34]} Be7 {[%clk 0:21:29]} 39. Kc4
{[%clk 0:13:28]} Bf8 {[%clk 0:21:34]} 40. a4 {[%clk 0:13:12]} Be7
{[%clk 0:21:44]} 41. h3 {[%clk 0:13:20]} Bf8 {[%clk 0:21:11]} 42. Nf2
{[%clk 0:12:16]} Bg7 {[%clk 0:21:17]} 43. Nd3 {[%clk 0:11:56]} g5
{[%clk 0:21:18]} 44. g4 {[%clk 0:11:50]} Bf6 {[%clk 0:21:36]} 45. Rc8
{[%clk 0:11:25]} 1-0

[Event "XIII International Chess Festival"]
[Site "Paracin"]
[Date "2020.07.07"]
[Round "5.5"]
[White "Tirelli, Mauro"]
[Black "Kosic, Dragan"]
[Result "0-1"]
[BlackElo "2429"]
[WhiteElo "2187"]
[LiveChessVersion "1.4.8"]

1. e4 {[%clk 1:30:54]} c5 {[%clk 1:30:38]} 2. Nc3 {[%clk 1:28:56]} Nc6
{[%clk 1:31:01]} 3. Nf3 {[%clk 1:29:20]} d6 {[%clk 1:31:12]} 4. d4
{[%clk 1:28:54]} cxd4 {[%clk 1:31:36]} 5. Nxd4 {[%clk 1:29:21]} Nf6
{[%clk 1:31:58]} 6. Bc4 {[%clk 1:25:31]} e6 {[%clk 1:32:20]} 7. Bb3
{[%clk 1:24:46]} Be7 {[%clk 1:32:17]} 8. Be3 {[%clk 1:22:44]} a6 {[%clk 1:32:38]}
9. Qe2 {[%clk 1:21:02]} Qc7 {[%clk 1:32:56]} 10. O-O {[%clk 1:16:22]} O-O
{[%clk 1:32:58]} 11. Rad1 {[%clk 1:07:56]} Na5 {[%clk 1:32:20]} 12. f4
{[%clk 1:06:15]} b5 {[%clk 1:32:10]} 13. a3 {[%clk 1:01:44]} Nxb3
{[%clk 1:25:40]} 14. cxb3 {[%clk 0:53:52]} Bb7 {[%clk 1:25:18]} 15. Rc1
{[%clk 0:51:42]} Qd7 {[%clk 1:24:45]} 16. Bf2 {[%clk 0:49:17]} Rac8
{[%clk 1:24:14]} 17. Rfd1 {[%clk 0:40:44]} Ba8 {[%clk 1:21:26]} 18. e5
{[%clk 0:31:14]} Nd5 {[%clk 1:14:05]} 19. Nxd5 {[%clk 0:28:26]} Bxd5
{[%clk 1:14:26]} 20. Be3 {[%clk 0:13:32]} g6 {[%clk 1:07:06]} 21. b4
{[%clk 0:13:15]} Rxc1 {[%clk 1:05:24]} 22. Rxc1 {[%clk 0:13:03]} Rc8
{[%clk 1:05:20]} 23. Rxc8+ {[%clk 0:10:50]} Qxc8 {[%clk 1:05:41]} 24. Qc2
{[%clk 0:09:25]} Qb7 {[%clk 1:05:05]} 25. exd6 {[%clk 0:08:08]} Bxd6
{[%clk 1:02:22]} 26. Nb3 {[%clk 0:07:52]} Bxb3 {[%clk 0:59:47]} 27. Qxb3
{[%clk 0:08:14]} Qe4 {[%clk 1:00:11]} 28. g3 {[%clk 0:06:51]} e5 {[%clk 0:56:24]}
29. Qc3 {[%clk 0:05:43]} exf4 {[%clk 0:55:13]} 30. gxf4 {[%clk 0:03:18]} Bxf4
{[%clk 0:54:21]} 31. Bd4 {[%clk 0:03:17]} Qe6 {[%clk 0:50:54]} 32. Kf1
{[%clk 0:02:05]} Bxh2 {[%clk 0:49:31]} 0-1

[Event "XIII International Chess Festival"]
[Site "Paracin"]
[Date "2020.07.07"]
[Round "5.6"]
[White "Radovanovic, Nikola"]
[Black "Stanojevic, Ilija"]
[Result "0-1"]
[BlackElo "2220"]
[WhiteElo "2389"]
[LiveChessVersion "1.4.8"]

1. e4 e6 2. d3 d5 3. Nd2 c5 4. g3 Nc6 5. Bg2 Nf6 6. Ngf3 g6 7. O-O Bg7 8. c3 O-O
9. e5 Ng4 10. d4 cxd4 11. cxd4 f6 12. exf6 Qxf6 13. Nb3 a5 14. Bg5 Qf7 15. Bf4 h6
16. h3 g5 17. Bd6 Rd8 18. Ba3 Nf6 19. Ne5 Nxe5 20. dxe5 Nd7 21. f4 gxf4 22. gxf4
b5 23. Nd4 Nf8 24. Bc5 Ng6 25. Qg4 Ne7 26. Kh1 Nf5 27. Nxf5 exf5 28. Qe2 b4 29.
Rfd1 Be6 30. Rac1 Bf8 31. Bxf8 Kxf8 32. Rc6 Rac8 33. Rd6 Qe7 34. Bxd5 Rxd6 0-1

[Event "XIII International Chess Festival"]
[Site "Paracin"]
[Date "2020.07.07"]
[Round "5.7"]
[White "Krasteva, Beloslava"]
[Black "Martic, Ivan"]
[Result "1-0"]
[BlackElo "2386"]
[WhiteElo "2246"]
[LiveChessVersion "1.4.8"]

1. d4 {[%clk 1:30:43]} Nf6 {[%clk 1:30:52]} 2. c4 {[%clk 1:30:59]} g6
{[%clk 1:31:11]} 3. Nc3 {[%clk 1:31:18]} d5 {[%clk 1:31:27]} 4. cxd5
{[%clk 1:31:08]} Nxd5 {[%clk 1:31:49]} 5. e4 {[%clk 1:31:24]} Nxc3
{[%clk 1:32:13]} 6. bxc3 {[%clk 1:31:49]} Bg7 {[%clk 1:32:37]} 7. Be3
{[%clk 1:31:47]} c5 {[%clk 1:32:01]} 8. Qd2 {[%clk 1:31:05]} Qa5 {[%clk 1:31:02]}
9. Rc1 {[%clk 1:30:40]} cxd4 {[%clk 1:28:36]} 10. cxd4 {[%clk 1:28:49]} Qxd2+
{[%clk 1:29:00]} 11. Bxd2 {[%clk 1:29:09]} O-O {[%clk 1:29:05]} 12. Nf3
{[%clk 1:28:05]} Nc6 {[%clk 1:15:38]} 13. Be3 {[%clk 1:27:32]} f5
{[%clk 1:04:36]} 14. Bc4+ {[%clk 1:21:58]} Kh8 {[%clk 1:04:40]} 15. e5
{[%clk 1:21:25]} f4 {[%clk 0:58:58]} 16. Bd2 {[%clk 1:20:27]} Bg4
{[%clk 0:58:54]} 17. Bc3 {[%clk 1:10:40]} Rac8 {[%clk 0:57:14]} 18. Nd2
{[%clk 0:54:21]} Rfd8 {[%clk 0:48:27]} 19. h3 {[%clk 0:46:44]} Bf5
{[%clk 0:47:21]} 20. Nf3 {[%clk 0:42:58]} Nxe5 {[%clk 0:44:01]} 21. Nxe5
{[%clk 0:42:47]} Bxe5 {[%clk 0:44:24]} 22. dxe5 {[%clk 0:43:05]} Rxc4
{[%clk 0:44:48]} 23. O-O {[%clk 0:42:27]} Be6 {[%clk 0:43:14]} 24. a3
{[%clk 0:41:05]} f3 {[%clk 0:39:10]} 25. Bb4 {[%clk 0:35:40]} fxg2
{[%clk 0:34:00]} 26. Kxg2 {[%clk 0:35:27]} Rd7 {[%clk 0:29:44]} 27. Rfd1
{[%clk 0:30:33]} Rxc1 {[%clk 0:26:26]} 28. Rxc1 {[%clk 0:30:57]} Kg7
{[%clk 0:26:07]} 29. Rc3 {[%clk 0:28:22]} Kf7 {[%clk 0:23:12]} 30. Bc5
{[%clk 0:24:27]} b6 {[%clk 0:23:03]} 31. Be3 {[%clk 0:24:36]} Bd5+
{[%clk 0:22:22]} 32. Kg3 {[%clk 0:24:47]} Bb7 {[%clk 0:22:42]} 33. h4
{[%clk 0:20:29]} Ke6 {[%clk 0:22:51]} 34. Kf4 {[%clk 0:18:05]} Ba6
{[%clk 0:21:27]} 35. Ke4 {[%clk 0:15:44]} Bb7+ {[%clk 0:21:29]} 36. Kf4
{[%clk 0:16:07]} h6 {[%clk 0:18:41]} 37. Rc1 {[%clk 0:15:01]} Bd5
{[%clk 0:16:06]} 38. Rg1 {[%clk 0:14:10]} Kf7 {[%clk 0:15:47]} 39. Rd1
{[%clk 0:13:45]} g5+ {[%clk 0:14:29]} 40. hxg5 {[%clk 0:13:44]} hxg5+
{[%clk 0:14:54]} 41. Kxg5 {[%clk 0:14:04]} Ke6 {[%clk 0:15:14]} 42. f4
{[%clk 0:12:10]} Bc6 {[%clk 0:09:13]} 43. Rxd7 {[%clk 0:07:21]} Bxd7
{[%clk 0:09:05]} 44. Bd2 {[%clk 0:07:42]} Kd5 {[%clk 0:08:31]} 45. Bb4
{[%clk 0:07:38]} e6 {[%clk 0:08:29]} 46. Kf6 {[%clk 0:07:52]} a5 {[%clk 0:08:36]}
47. Bd6 {[%clk 0:07:28]} b5 {[%clk 0:08:00]} 48. Ke7 {[%clk 0:07:30]} Kc6
{[%clk 0:08:03]} 49. Kd8 {[%clk 0:07:26]} 1-0

[Event "XIII International Chess Festival"]
[Site "Paracin"]
[Date "2020.07.07"]
[Round "5.8"]
[White "Abramovic, Bosko"]
[Black "Aleksic, Neven"]
[Result "1/2-1/2"]
[BlackElo "2169"]
[WhiteElo "2351"]
[LiveChessVersion "1.4.8"]

1. c4 {[%clk 1:30:30]} Nf6 {[%clk 1:30:55]} 2. Nf3 {[%clk 1:30:48]} e6
{[%clk 1:31:14]} 3. g3 {[%clk 1:31:00]} d5 {[%clk 1:31:29]} 4. Bg2
{[%clk 1:31:18]} Be7 {[%clk 1:31:50]} 5. O-O {[%clk 1:31:38]} O-O
{[%clk 1:32:13]} 6. d4 {[%clk 1:31:23]} dxc4 {[%clk 1:32:33]} 7. Qa4
{[%clk 1:31:39]} a6 {[%clk 1:32:28]} 8. Qxc4 {[%clk 1:32:00]} b5 {[%clk 1:32:46]}
9. Qc2 {[%clk 1:32:23]} Bb7 {[%clk 1:32:59]} 10. Bf4 {[%clk 1:32:38]} Nc6
{[%clk 1:30:45]} 11. Nc3 {[%clk 1:32:32]} Nb4 {[%clk 1:28:11]} 12. Qc1
{[%clk 1:29:36]} Nbd5 {[%clk 1:16:46]} 13. Nxd5 {[%clk 1:23:52]} Nxd5
{[%clk 1:16:52]} 14. Bg5 {[%clk 1:23:52]} Rc8 {[%clk 1:04:47]} 15. Bxe7
{[%clk 1:12:45]} Qxe7 {[%clk 1:04:44]} 16. Qc5 {[%clk 1:12:37]} Qxc5
{[%clk 1:03:59]} 17. dxc5 {[%clk 1:13:02]} Ne7 {[%clk 1:01:34]} 18. Rfd1
{[%clk 1:06:52]} Rfd8 {[%clk 0:57:44]} 19. a3 {[%clk 1:07:16]} Be4
{[%clk 0:54:30]} 20. Ne5 {[%clk 1:06:31]} Bxg2 {[%clk 0:52:56]} 21. Kxg2
{[%clk 1:06:59]} f6 {[%clk 0:50:26]} 22. Nd3 {[%clk 1:07:17]} a5 {[%clk 0:47:11]}
23. b4 {[%clk 1:06:45]} a4 {[%clk 0:46:15]} 24. Nf4 {[%clk 1:06:15]} e5
{[%clk 0:36:42]} 25. Rxd8+ {[%clk 0:57:26]} Rxd8 {[%clk 0:36:59]} 26. Ne6
{[%clk 0:56:33]} Rc8 {[%clk 0:33:31]} 27. Rd1 {[%clk 0:49:08]} Kf7
{[%clk 0:33:21]} 28. Nd8+ {[%clk 0:49:13]} Ke8 {[%clk 0:33:26]} 29. Ne6
{[%clk 0:47:32]} Kf7 {[%clk 0:33:44]} 30. Nd8+ {[%clk 0:47:40]} Ke8
{[%clk 0:34:06]} 1/2-1/2

[Event "XIII International Chess Festival"]
[Site "Paracin"]
[Date "2020.07.07"]
[Round "5.10"]
[White "Formento, Paolo"]
[Black "Damjanovic, Vuk"]
[Result "0-1"]
[BlackElo "2208"]
[WhiteElo "2294"]
[LiveChessVersion "1.4.8"]

1. d4 {[%clk 1:28:01]} Nf6 {[%clk 1:29:57]} 2. c4 {[%clk 1:28:16]} c5
{[%clk 1:29:44]} 3. d5 {[%clk 1:26:54]} b5 {[%clk 1:29:24]} 4. cxb5
{[%clk 1:24:03]} a6 {[%clk 1:29:36]} 5. e3 {[%clk 1:24:13]} g6 {[%clk 1:29:14]}
6. Nc3 {[%clk 1:24:14]} Bg7 {[%clk 1:29:30]} 7. Nf3 {[%clk 1:24:28]} O-O
{[%clk 1:29:47]} 8. Be2 {[%clk 1:09:50]} axb5 {[%clk 1:28:56]} 9. Bxb5
{[%clk 1:09:42]} Ne4 {[%clk 1:16:41]} 10. Qd3 {[%clk 0:41:28]} Qa5
{[%clk 1:15:17]} 11. Bd2 {[%clk 0:41:21]} Nxd2 {[%clk 1:15:10]} 12. Nxd2
{[%clk 0:41:29]} Ba6 {[%clk 1:15:19]} 13. Bxa6 {[%clk 0:34:11]} Qxa6
{[%clk 1:13:12]} 14. Nc4 {[%clk 0:33:34]} d6 {[%clk 1:12:21]} 15. Ke2
{[%clk 0:29:06]} Nd7 {[%clk 1:10:39]} 16. a4 {[%clk 0:25:49]} Nb6
{[%clk 1:04:26]} 17. Nb5 {[%clk 0:18:24]} Nxc4 {[%clk 1:04:20]} 18. Qxc4
{[%clk 0:18:52]} Bxb2 {[%clk 1:04:26]} 19. Ra2 {[%clk 0:18:36]} Bf6
{[%clk 1:02:51]} 20. Rc1 {[%clk 0:16:52]} Rfb8 {[%clk 1:01:19]} 21. Rcc2
{[%clk 0:17:00]} Qa5 {[%clk 1:01:14]} 22. Qd3 {[%clk 0:13:49]} Ra6
{[%clk 0:55:05]} 23. Nc7 {[%clk 0:07:09]} Rab6 {[%clk 0:52:19]} 24. Nb5
{[%clk 0:07:20]} R6b7 {[%clk 0:52:24]} 25. f3 {[%clk 0:04:57]} Qd8
{[%clk 0:51:16]} 26. Kf2 {[%clk 0:04:43]} Qd7 {[%clk 0:50:49]} 27. Ra3
{[%clk 0:01:48]} Ra8 {[%clk 0:50:22]} 28. Raa2 {[%clk 0:01:41]} Be5
{[%clk 0:48:30]} 29. Kg1 {[%clk 0:01:31]} Qf5 {[%clk 0:48:17]} 30. Qxf5
{[%clk 0:01:45]} gxf5 {[%clk 0:48:45]} 31. Kf2 {[%clk 0:00:44]} Ra5
{[%clk 0:48:47]} 32. f4 {[%clk 0:00:45]} Bf6 {[%clk 0:49:15]} 33. Ke2
{[%clk 0:00:33]} Rb6 {[%clk 0:44:18]} 34. Kd3 {[%clk 0:00:50]} e6
{[%clk 0:42:58]} 35. Kc4 {[%clk 0:00:33]} Rba6 {[%clk 0:43:26]} 36. dxe6
{[%clk 0:00:32]} fxe6 {[%clk 0:43:35]} 37. Kb3 {[%clk 0:00:37]} Be7
{[%clk 0:43:21]} 38. g4 {[%clk 0:00:37]} fxg4 {[%clk 0:42:51]} 39. Rg2
{[%clk 0:00:54]} h5 {[%clk 0:42:48]} 40. h3 d5 {[%clk 0:41:19]} 41. hxg4
{[%clk 0:01:41]} c4+ {[%clk 0:40:28]} 42. Kc3 {[%clk 0:01:53]} hxg4
{[%clk 0:39:58]} 43. Nc7 {[%clk 0:00:32]} Rc6 {[%clk 0:38:56]} 44. Nb5
{[%clk 0:00:43]} Kf7 {[%clk 0:37:49]} 45. Rxg4 {[%clk 0:00:42]} Rca6
{[%clk 0:38:10]} 46. Rh2 {[%clk 0:00:48]} Bf6+ {[%clk 0:36:35]} 47. Nd4
{[%clk 0:00:31]} Rxa4 {[%clk 0:33:51]} 48. Rh7+ {[%clk 0:00:56]} Kf8
{[%clk 0:34:17]} 49. Rg6 {[%clk 0:01:12]} Ra3+ {[%clk 0:31:52]} 50. Kc2
{[%clk 0:01:13]} Ra2+ {[%clk 0:32:03]} 51. Kb1 {[%clk 0:00:59]} Bxd4
{[%clk 0:27:54]} 52. exd4 {[%clk 0:01:23]} c3 {[%clk 0:28:14]} 53. Rf6+
{[%clk 0:01:01]} Kg8 {[%clk 0:28:24]} 54. Rb7 {[%clk 0:01:09]} c2+
{[%clk 0:28:48]} 55. Kc1 {[%clk 0:01:35]} Rc6 {[%clk 0:29:07]} 56. Rg6+
{[%clk 0:01:14]} Kf8 {[%clk 0:29:32]} 57. Rf6+ {[%clk 0:00:31]} Ke8
{[%clk 0:30:00]} 0-1